000 00697nam a22002291 4500
001 105410
003 ES-MaACL
005 20230906183857.0
007 t|
008 060707s1970 sp r ||||0| cat d
080 _a946"1936/39"
080 _a335.8(467.11 B)"1937"
100 1 _aCruells, Manuel.
_941767
245 1 4 _aEls fets de maig
_b: Barcelona, 1937 /
_cManuel Cruells.
250 _a1ª ed.
260 _aBarcelona :
_bJoventut,
_c1970.
300 _a144 p., [8] p. de lám. ;
_c22 cm.
650 _aAnarquismo-
_zBarcelona.
_99787
651 4 _aBarcelona-
_xHistoria-
_y1936-1939.
_9168148
852 _aES-MaACL
_jAND-205
_z- Biblioteca Juan Andrade
852 _aES-MaACL
_jC-45067
999 _c105410
_d105410